=LDR 00000nam 2200000 4500 =001 000809 =005 20250711114737 =035 ##$$a 0010-0725000679 =007 ta =008 250711################a##########0#ind## =020 ##$$a 978-602-244- =082 ##$$a 398.209 598 =084 ##$$a 398.209 598 AUD w =100 #$$a audelia agustine =245 1#$$a wilan dan negeri arans /$c audelia agustine =250 ##$$a pertama =260 ##$$a jakarta :$b pusat perbukuan,$c 2019 =300 ##$$a 48hlm. : $b ilus. ; $c 22,9cm =700 #$$a nabila adani =990 ##$$a TBM202400808 =990 ##$$a TMB2024007809